00611 2200193 4500001002100000005001500021035002000036007000300056008004100059082001000100084001600110100001900126245009900145250001100244260007500255300003900330600001900369856002900388INLIS00000000000125120260408101022 a0010-0426000005ta260408 e 0 ind  a363.7 a363.7 M R p0 aM Ridha Ismail1 aPemberdayaan Sumber Daya SDM Pertanian /cBalai Besar Diklat Mekanisasi Pertanian Batangkaluku acet. 1 aMakasar :bBalai Besar Diklat Mekanisasi Pertanian Batangkaluku,c2006 a29 hlm :biii 29 hlm;ilus ;c23 cm 4aM Ridha Ismail aPerpustakaan BBPP Kupang